00945nac a22002411u 4500010001600000020002200016082002200038090001500060100003400075245010200109250001200211260006300223300003300286500002000319500001500339500004100354504003000395650004000425650007300465942002400538999001500562952012600577 a 84009146 a0874882796 (pbk.)00a618.921509bAl107 c3562d3562 aAl-Rashid, Rashid A., 10aPediatric hematology case studies :ba compilation of 53 clinical studies /cRashid A. Al-Rashid. a2nd ed. aNew Hyde Park, NY :bMedical Examination Pub. Co.,cc1984. aix, 417 p. :bill. ;c22 cm. aIncludes index. aDonations. aDonations - Bibliotheca Alexandrina. aBibliography: p. 361-414. 0aPediatric hematologyxCase studies. 0aHematologic Diseasesxin infancy & childhoodxexamination questions. cBBk618.921509Al107 c3562d3562 00102ddc4070aMAINbMAINc1STd2007-04-29ePurchasel1o618.921509 ALRp000030345r2025-07-15 00:00:00s2021-12-01yBB